000
00204nam a22000857a 4500
008
170601b xxu||||| |||| 00| 0 eng d
100
_9
3194
_a
Mahajan. A
245
_a
Our leaders
260
_a
New Delhi
_b
CBT
_c
1989
999
_c
6505
_d
6505